| 000 | 01300cam a2200337 i 4500 | ||
|---|---|---|---|
| 999 |
_c2125 _d2125 |
||
| 001 | 19814647 | ||
| 003 | OSt | ||
| 005 | 20230308145940.0 | ||
| 008 | 170721s2017 enka 001 0 eng | ||
| 010 | _a 2017288599 | ||
| 020 | _a9780198376705 (pbk.) | ||
| 040 |
_aDLC _beng _cDLC _erda |
||
| 042 | _apcc | ||
| 082 | _2510 BEA | ||
| 100 | 1 |
_aBeadsworth, Tony, _eauthor. |
|
| 245 | 1 | 0 |
_aComplete additional mathematics for Cambridge IGCSE & O level (B) / _cTony Beadsworth. |
| 246 | 3 | _aComplete additional mathematics for Cambridge International Graduate Certificate of Seconday Education & O level | |
| 264 | 1 |
_aOxford : _bOxford University Press, _c[2017] |
|
| 300 |
_axi, 501 pages : _billustrations (some color) ; _c25 cm |
||
| 336 |
_atext _2rdacontent |
||
| 337 |
_aunmediated _2rdamedia |
||
| 338 |
_avolume _2rdacarrier |
||
| 500 | _a"For the updated syllabus." | ||
| 500 | _aIncludes index. | ||
| 650 | 0 |
_aMathematics _vExaminations, questions, etc. _vStudy guides. |
|
| 650 | 0 |
_aInternational General Certificate of Secondary Education _vStudy guides. |
|
| 650 | 0 |
_aMathematics _xStudy and teaching (Secondary) |
|
| 906 |
_a7 _bcbc _corigres _d2 _encip _f20 _gy-gencatlg |
||
| 942 |
_2ddc _cTR |
||